| 000 | 00907naa a2200253 c 4500 | ||
|---|---|---|---|
| 001 | 30287 | ||
| 003 | ES-MaCES | ||
| 005 | 19981124160100.0 | ||
| 008 | 970602n1997 sp ||| | spa d | ||
| 035 | _aCES19980042365v | ||
| 040 |
_aES-MaCES _bspa _cES-MaCES |
||
| 100 | 1 |
_aVélez Toro, Antonio José _925682 |
|
| 245 | 1 | 0 |
_aComposición, organización y funcionamiento del Consejo Económico y Social _cpor Antonio José Vélez Toro |
| 504 | _aBibliografía | ||
| 610 | 2 | 4 |
_aConsejo Económico y Social (España) _92408 |
| 650 | 4 |
_aEspaña _926964 |
|
| 650 | 4 |
_aorganización institucional _927196 |
|
| 650 | 4 |
_acomisión consultiva _929196 |
|
| 653 | 1 | 0 | _aAdministración-Instituciones públicas |
| 773 | 0 |
_tTribuna social _gValencia. - N. 75 (marzo 1997) ; p. 44-52 _w(ES-MaCES)25455 |
|
| 902 | _aART Artículo de revista | ||
| 942 |
_2CES _cAR _h6.3. |
||
| 999 |
_c30287 _d30287 |
||